Эффективность применения компьютерных моделирущих систем для промышленного мониторинга работы установок каталитического риформинга бензинов; Материалы II Международной Казахстанско-Российской конференции по химии и химической технологии, посвященной 40-летию КарГУ имени академика Е. А. Букетова, 28 февраля – 2 марта 2012 г., Караганда; Т. 2
| Parent link: | Материалы II Международной Казахстанско-Российской конференции по химии и химической технологии, посвященной 40-летию КарГУ имени академика Е. А. Букетова, 28 февраля – 2 марта 2012 г., Караганда: в 2 т./ Карагандинский государственный университет ; Национальный исследовательский Томский политехнический университет (ТПУ) ; Институт химических наук им. А. Б. Бектурова.— , 2012 Т. 2.— 2012.— [С. 264-269] |
|---|---|
| Автор: | |
| Інші автори: | , |
| Резюме: | Заглавие с титульного листа Электронная версия печатной публикации |
| Мова: | Російська |
| Опубліковано: |
2012
|
| Серія: | Секция 6. Химия и химическая технология нефтегазохимической промышленности |
| Предмети: | |
| Онлайн доступ: | http://www.lib.tpu.ru/fulltext/v/Conferences/2011/C7/C7a35.pdf |
| Формат: | Електронний ресурс Частина з книги |
| KOHA link: | https://koha.lib.tpu.ru/cgi-bin/koha/opac-detail.pl?biblionumber=217842 |
MARC
| LEADER | 00000naa2a2200000 4500 | ||
|---|---|---|---|
| 001 | 217842 | ||
| 005 | 20260126140957.0 | ||
| 035 | |a (RuTPU)RU\TPU\book\237845 | ||
| 035 | |a RU\TPU\book\237816 | ||
| 090 | |a 217842 | ||
| 100 | |a 20120608d2012 k y0rusy50 ca | ||
| 101 | 0 | |a rus | |
| 102 | |a KZ | ||
| 135 | |a drnn ---uucaa | ||
| 181 | 0 | |a i | |
| 182 | 0 | |a b | |
| 200 | 1 | |a Эффективность применения компьютерных моделирущих систем для промышленного мониторинга работы установок каталитического риформинга бензинов |f В. В. Дериглазов, С. А. Фалеев, Э. Д. Иванчина | |
| 203 | |a Текст |c электронный | ||
| 215 | |a 1 файл (450 Кб) | ||
| 225 | 1 | |a Секция 6. Химия и химическая технология нефтегазохимической промышленности | |
| 300 | |a Заглавие с титульного листа | ||
| 300 | |a Электронная версия печатной публикации | ||
| 320 | |a [Библиогр.: с. 269 (9 назв.)] | ||
| 337 | |a Adobe Reader | ||
| 461 | 1 | |0 (RuTPU)RU\TPU\book\237375 |t Материалы II Международной Казахстанско-Российской конференции по химии и химической технологии, посвященной 40-летию КарГУ имени академика Е. А. Букетова, 28 февраля – 2 марта 2012 г., Караганда |o в 2 т. |f Карагандинский государственный университет ; Национальный исследовательский Томский политехнический университет (ТПУ) ; Институт химических наук им. А. Б. Бектурова |d 2012 | |
| 463 | 1 | |0 (RuTPU)RU\TPU\book\237657 |t Т. 2 |v [С. 264-269] |d 2012 | |
| 610 | 1 | |a бензины | |
| 610 | 1 | |a каталитический риформинг | |
| 610 | 1 | |a установки | |
| 610 | 1 | |a работа | |
| 610 | 1 | |a промышленный мониторинг | |
| 610 | 1 | |a компьютерные моделирующие системы | |
| 610 | 1 | |a применение | |
| 610 | 1 | |a эффективность | |
| 610 | 1 | |a труды учёных ТПУ | |
| 610 | 1 | |a электронный ресурс | |
| 700 | 1 | |a Дериглазов |b В. В. |c химик-технолог |c магистрант Томского политехнического университета |f 1989- |g Владислав Викторович |3 (RuTPU)RU\TPU\pers\28906 | |
| 701 | 1 | |a Фалеев |b С. А. |c химик-технолог |c инженер Томского политехнического университета |f 1985- |g Сергей Александрович |3 (RuTPU)RU\TPU\pers\31093 | |
| 701 | 1 | |a Иванчина |b Э. Д. |c химик |c профессор Томского политехнического университета, доктор технических наук |f 1951- |g Эмилия Дмитриевна |3 (RuTPU)RU\TPU\pers\24966 | |
| 801 | 1 | |a RU |b 63413507 |c 20120118 | |
| 801 | 2 | |a RU |b 63413507 |c 20140524 |g RCR | |
| 856 | 4 | |u http://www.lib.tpu.ru/fulltext/v/Conferences/2011/C7/C7a35.pdf | |
| 942 | |c CF | ||